logo

Bir Sreshtho Munshi Abdur Rouf Library
Jhenaidah Cadet College

The Outward Urge / (Record no. 6042)

MARC details
000 -LEADER
fixed length control field 00571nam a2200229 a 4500
001 - CONTROL NUMBER
JCCL Control Number 6042
003 - CONTROL NUMBER IDENTIFIER
JCCL marc code BD-JhCC
005 - DATE AND TIME OF LATEST TRANSACTION
control field 20180101173529.0
008 - FIXED-LENGTH DATA ELEMENTS--GENERAL INFORMATION
fixed length control field 180101s1967 |||| |||| 00| 0 eng d
035 ## - SYSTEM CONTROL NUMBER
system control number (BD-JhCC)
040 ## - CATALOGING SOURCE
Original cataloging agency BD-JhCC
Modifying agency BD-JhCC
041 ## - LANGUAGE CODE
Language code of Book eng
082 ## - DEWEY DECIMAL CLASSIFICATION NUMBER
Classification number 823.91
Author mark and Year WYN 1967
100 ## - MAIN ENTRY--PERSONAL NAME
Personal name Wyndham, John
245 ## - TITLE STATEMENT
Title The Outward Urge /
Statement of responsibility, etc John Wyndham; Lucas Parkes
260 ## - PUBLICATION, DISTRIBUTION, ETC. (IMPRINT)
Place of publication, distribution, etc London :
Name of publisher, distributor, etc Penguin books,
Date of publication, distribution, etc 1967
300 ## - PHYSICAL DESCRIPTION
Pagination 186 p. :
Dimensions 18cm.
650 ## - SUBJECT ADDED ENTRY--TOPICAL TERM
Topical term or geographic name as entry element Science Fiction English
700 ## - ADDED ENTRY--PERSONAL NAME
Personal name Parkes, Lucas
942 ## - ADDED ENTRY ELEMENTS (KOHA)
Source of classification or shelving scheme Dewey Decimal Classification
Koha item type Books
Holdings
Source of classification or shelving scheme Damaged status Not for loan Home library Current library Shelving location Total Checkouts Full call number Barcode Date last seen Copy number Koha item type
Dewey Decimal Classification     JCC Rouf Library JCC Rouf Library General Stacks   823.91 WYN 1967 8106 01/01/2018 C - 1 Books

JCC Library | Contacts | JCC Home

Last Update on 23 September 2017
Copyright @ 2017-2020 JCC Rouf Library
Rouf Library, Jhenidah Cadet College (JCC), Bangladesh